00635nam a2200169 i 450000100060000000300090000600500170001500700030003200800410003510000250007624501420010126000400024330000200028385200230030399900170032695201220034335682ES-MaACL20230906155203.0t|030213s1929 fr ||||1| fre d1 aBouard, A de.93081810aManuel de diplomatique française et pontificale b: diplomatique generale, avec un album de 54 planches de phototypie / cA. de Bouard. aParís : bAuguste Picard, c1929. a2 v. ; c23 cm. aES-MaACLjA-715-16 c35682d35682 00104070aATENEOMbATENEOMcSPP1d2008-01-17eSCl0oA-715-16p1037365r2023-02-23 00:00:00w2023-02-23yMONOGRAFIA